000 00718nam a22001937a 4500
005 20100728154121.0
010 _aENG-97217
020 _a9789380060637
_c175.00
035 _aEN-80750
037 _bDBAD/PUB
082 _a547.7
100 _aPerumalraj,K
_92205
245 _aSimple approach to polymer chemistry /
_cby K Perumalraj
260 _aSalem
_bM S K Publications
_c2009
270 _a3/189-E, Athanoor Amman Kovil St, Masinayaganpatti-post Ayyothiyappattinam /
_bSalem
_e636103
300 _a112p.
_c20cm (pbk)
942 _2ddc
_cEN
_h547.7
_mPER
999 _c38121
_d38121